000 00664nam a22002297a 4500
003 UA-OsUOA
001 97432
007 ta
008 20130401b un ||||| |||| 00| 0 ukr d
100 _aНексе М.
090 _a821.113.4
_bН48
942 _cBK
040 _aUA-OsUOA
_brus
_cUA-OsUOA
_dUA-OsUOA
245 _aСобрание сочинений в десяти томах
_bдрама
_nТ.6
300 _a332 с.
955 _a3
041 _arus
080 _a821.113.4
260 _aМ.
_bХудожественная литература
_c1953
650 7 _a82 Література. Літературознавство
_2UDC
999 _c383678
_d383678